[Event "DIJA    "]
[Site "SchemingMind.com"]
[Date "2018.12.09"]
[Round "-"]
[White "Chessibelle"]
[Black "Allan Sedstrem"]
[Result "0-1"]
[WhiteCountry "ENG"]
[BlackCountry "SCO"]
[WhiteElo "1147"]
[WhiteRD "57"]
[BlackElo "1562"]
[BlackRD "70"]
[GameID "435751"]

1. e4 e5 2. Nf3 d6 3. Nc3 Nf6 4. Be2 b6 5. d3 Bb7 6. O-O Nc6 7. g3 Be7 8. a3 O-O 9. b4 Nd4 10. Nxd4 exd4
11. Na2 c5 12. Qd2 Qd7 13. Re1 Bc8 14. Kh1 Qh3 15. Rg1 Bg4 16. f3 Be6 17. Bb2 Nh5 18. g4 Nf6 19. c3 d5 20. Rg3 Qh6
21. f4 Nd7 22. Rag1 g6 23. Qe1 Bh4 24. Qf1 Bxg3 25. Rxg3 dxe4 26. dxe4 Bxa2 27. Qf2 dxc3 28. Rxc3 Qg7 29. Bb5 Nf6 30. Qf3 h6
31. e5 Bd5 32. Bc6 Bxf3+ 33. Bxf3 Nd7 34. Rd3 Rad8 35. Bc3 cxb4 36. axb4 f6 37. h3 Qf7 38. Bd5 Qxd5+ 39. Rxd5 fxe5 40. Rd6 Nf6
41. fxe5 Ne4 42. Be1 Nxd6
0-1

[Event "DIJA    "]
[Site "SchemingMind.com"]
[Date "2018.12.09"]
[Round "-"]
[White "Allan Sedstrem"]
[Black "Chessibelle"]
[Result "1-0"]
[WhiteCountry "SCO"]
[BlackCountry "ENG"]
[WhiteElo "1580"]
[WhiteRD "74"]
[BlackElo "1191"]
[BlackRD "61"]
[GameID "435752"]

1. e4 e5 2. Bc4 Nf6 3. d3 Nc6 4. Nf3 g6 5. O-O Bg7 6. Ng5 O-O 7. a3 a6 8. Be3 b5 9. Ba2 d6 10. Nd2 Bg4
11. Ngf3 Nh5 12. h3 Bd7 13. Bd5 Rb8 14. b4 Nf6 15. Ng5 Ne7 16. Ba2 c5 17. bxc5 Qc7 18. cxd6 Qd8 19. dxe7 Qc7 20. exf8=Q+ Kxf8
21. f4 h6 22. fxe5 Qxe5 23. Ngf3 Ke7 24. Nxe5
1-0

[Event "DIJA    "]
[Site "SchemingMind.com"]
[Date "2018.12.09"]
[Round "-"]
[White "JAHI"]
[Black "Allan Sedstrem"]
[Result "1-0"]
[WhiteCountry "INT"]
[BlackCountry "SCO"]
[WhiteElo "2157"]
[WhiteRD "82"]
[BlackElo "1596"]
[BlackRD "62"]
[GameID "435753"]

1. c3 d5 2. c4 dxc4 3. Qa4+ c6 4. Qxc4 e5 5. Nf3 Be6 6. Qc2 Nf6 7. Nxe5 Bd6 8. Nc4 Bc7 9. d3 O-O 10. g3 Bd5
11. f3 Re8 12. Ncd2 Ba5 13. Nc3 Bxc3 14. bxc3 Nbd7 15. d4 Nb6 16. Qd3 Ng4 17. c4 Re3 18. Qc2 Be6 19. fxg4 Qxd4 20. Rb1 Qxg4
21. Rb3 Bf5 22. Qb2 Rxb3 23. axb3 Re8 24. Kf2 Nd7 25. h3 Qg6 26. g4 Be6 27. Nf3 f5 28. gxf5 Bxf5 29. Rg1 Qh5 30. Qxg7#
1-0

[Event "DIJA    "]
[Site "SchemingMind.com"]
[Date "2018.12.09"]
[Round "-"]
[White "Allan Sedstrem"]
[Black "JAHI"]
[Result "0-1"]
[WhiteCountry "SCO"]
[BlackCountry "INT"]
[WhiteElo "1588"]
[WhiteRD "65"]
[BlackElo "2133"]
[BlackRD "80"]
[GameID "435754"]

1. e4 d6 2. Bc4 c6 3. a3 d5 4. exd5 cxd5 5. Ba2 Nf6 6. Nf3 Bf5 7. d4 e6 8. O-O Bd6 9. Be3 Qb6 10. b4 Qc7
11. c3 Ng4 12. g3 Nxe3 13. fxe3 Bh3 14. Rf2 Bxg3 15. Re2 Bd6 16. Qe1 Nd7 17. Qh4 Bf5 18. Rg2 Be7 19. Qf2 g6 20. Bb3 Rc8
21. Nfd2 Bh3 22. Rg3 Bh4 23. Nf3 Bxg3 24. hxg3 Bf5 25. Ba4 f6 26. Ra2 Bxb1 27. Rb2 Bf5 28. Qh2 Qxc3 29. Qf2 Qxa3 30. Bxd7+ Kxd7
31. Nh4 Rc1+ 32. Kh2 Qxb2
0-1

[Event "DIJA    "]
[Site "SchemingMind.com"]
[Date "2019.01.04"]
[Round "-"]
[White "The Stonewall"]
[Black "Phillip Beckett"]
[Result "1-0"]
[WhiteCountry "ENG"]
[BlackCountry "ENG"]
[WhiteElo "2312"]
[WhiteRD "83"]
[BlackElo "1518"]
[BlackRD "49"]
[GameID "436481"]

1. e4 e5 2. Nc3 Nf6 3. Bc4 Nxe4 4. Qh5 Nd6 5. Qxe5+ Qe7 6. Qxe7+ Bxe7 7. Bb3 c6 8. d4 Nf5 9. d5 d6 10. Nf3 c5
11. Bf4 Nd7 12. g4 Nd4 13. Nxd4 cxd4 14. Nb5 Kd8 15. Bxd6 Bxd6 16. Nxd6 Ke7 17. Nf5+ Kf8 18. Nxd4 Nb6 19. Rg1 Bd7 20. O-O-O a6
21. Rde1 Rc8 22. d6 g6 23. Re7 Re8 24. Rxf7+
1-0

[Event "DIJA    "]
[Site "SchemingMind.com"]
[Date "2019.01.04"]
[Round "-"]
[White "Phillip Beckett"]
[Black "The Stonewall"]
[Result "0-1"]
[WhiteCountry "ENG"]
[BlackCountry "ENG"]
[WhiteElo "1518"]
[WhiteRD "49"]
[BlackElo "2312"]
[BlackRD "83"]
[GameID "436482"]

1. d4 d5 2. c4 c5 3. dxc5 e6 4. cxd5 exd5 5. Nf3 Bxc5 6. e3 Nc6 7. Nc3 Nf6 8. Bb5 O-O 9. O-O a6 10. Be2 Re8
11. a3 Bf5 12. Na4 Ba7 13. Bd2 Rc8 14. Rc1 b5 15. Nc5 d4 16. Nxd4 Nxd4 17. exd4 Qxd4 18. Be3 Qxd1 19. Rfxd1 Bxc5 20. Bxc5 Rxe2
21. Be3 Rxc1 22. Bxc1 h6 23. Kf1 Rc2 24. Ke1 Ng4 25. h3 Nxf2 26. Rd8+ Kh7 27. Be3 Nd3+ 28. Kd1 Nxb2+
0-1

[Event "DIJA    "]
[Site "SchemingMind.com"]
[Date "2019.01.01"]
[Round "-"]
[White "The Stonewall"]
[Black "krzysztof"]
[Result "1-0"]
[WhiteCountry "ENG"]
[BlackCountry "POL"]
[WhiteElo "2324"]
[WhiteRD "78"]
[BlackElo "1521"]
[BlackRD "67"]
[GameID "436485"]

1. Nc3 e5 2. e4 Na6 3. Nf3 f6 4. Nxe5 fxe5 5. Qh5+ Ke7 6. Qxe5+ Kf7 7. Bc4+ d5 8. Bxd5+ Qxd5 9. Nxd5 Nf6 10. Nxc7 Nxc7
11. Qxc7+ Kg6 12. d3 h6 13. Be3 Kh7 14. O-O-O b6 15. Bd4 Kg6 16. h4 h5 17. f3 Bc5 18. Bxc5 bxc5 19. e5 Nd7 20. Qc6+ Kh7
21. Qxa8 Ba6 22. Qxa7 Bc8 23. e6 Ne5 24. Qxc5 Ng6 25. Qxh5+ Kg8 26. Qxg6 Rh6 27. Qf7+ Kh7 28. e7 Re6 29. e8=Q Rxe8 30. Qxe8 Bf5
31. Qh5+ Kg8 32. Qxf5 Kh8 33. Rde1 g6 34. Qd7 Kg8 35. Re8#
1-0

[Event "DIJA    "]
[Site "SchemingMind.com"]
[Date "2019.01.01"]
[Round "-"]
[White "krzysztof"]
[Black "The Stonewall"]
[Result "0-1"]
[WhiteCountry "POL"]
[BlackCountry "ENG"]
[WhiteElo "1521"]
[WhiteRD "67"]
[BlackElo "2324"]
[BlackRD "78"]
[GameID "436486"]

1. Na3 e5 2. e4 Nf6 3. d3 Nc6 4. Be3 d5 5. exd5 Nxd5 6. Ne2 Nxe3 7. fxe3 Bc5 8. Qd2 Qg5 9. e4 Be3 10. Qd1 Qf6
11. Nf4 Qxf4 12. Qf3 Bg4 13. Qxf4 Bxf4 14. c3 O-O-O 15. Be2 Be6 16. h3 h5 17. Kf2 Rh6 18. Bf3 Rxd3 19. Rad1 Rxd1 20. Rxd1 Bxa2
21. g3 Bg5 22. h4 Be7 23. Ra1 Bb3 24. Rc1 Rh8 25. c4 Nd4 26. Nb5 Nxb5 27. cxb5 g6 28. Rc3 Ba4 29. Be2 Rd8 30. Kf3 Rd2
31. b3 Rxe2 32. Kxe2 Bxb5+ 33. Kf3 a5 34. Rc1 c6 35. Rh1 a4 36. bxa4 Bxa4 37. g4 hxg4+ 38. Kxg4 b5 39. h5 gxh5+ 40. Rxh5 Bd1+
41. Kf5 Bxh5 42. Kxe5 b4 43. Kf5 b3 44. e5 Kd7 45. e6+ fxe6+ 46. Ke4 b2
0-1

[Event "DIJA    "]
[Site "SchemingMind.com"]
[Date "2019.01.01"]
[Round "-"]
[White "The Stonewall"]
[Black "Chessibelle"]
[Result "1-0"]
[WhiteCountry "ENG"]
[BlackCountry "ENG"]
[WhiteElo "2312"]
[WhiteRD "83"]
[BlackElo "1147"]
[BlackRD "57"]
[GameID "436487"]

1. e4 e5 2. f4 Nc6 3. Nf3 d6 4. Bc4 h6 5. O-O g6 6. d3 Nge7 7. fxe5 dxe5 8. Nc3 Bg7 9. Be3 b6 10. Ng5 Be6
11. Bxe6 Qd6 12. Bxf7+ Kd8 13. Ne6+ Kd7 14. Nxg7 Nd4 15. Bxd4 Qxd4+ 16. Kh1 Kd8 17. Ne6+
1-0

[Event "DIJA    "]
[Site "SchemingMind.com"]
[Date "2019.01.01"]
[Round "-"]
[White "Chessibelle"]
[Black "The Stonewall"]
[Result "0-1"]
[WhiteCountry "ENG"]
[BlackCountry "ENG"]
[WhiteElo "1147"]
[WhiteRD "57"]
[BlackElo "2312"]
[BlackRD "83"]
[GameID "436488"]

1. Nf3 Nc6 2. d4 d5 3. e3 Bg4 4. Be2 e6 5. O-O Nf6 6. c3 Bd6 7. g3 Qd7 8. Nbd2 O-O 9. a3 Bf5 10. Ng5 h6
11. Nh3 Bxh3 12. Re1 e5 13. Nf3 exd4 14. exd4 Rfe8 15. b4 Ne4 16. Bb2 Re6 17. Qa4 Rf6 18. Qb5 Bg4 19. Qd3 Qf5 20. Kh1 Bxf3+
21. Kg1 Bxe2 22. Qxe2 Qxf2+ 23. Kh1 Nxg3+
0-1

[Event "DIJA    "]
[Site "SchemingMind.com"]
[Date "2019.01.05"]
[Round "-"]
[White "The Stonewall"]
[Black "JAHI"]
[Result "1-0"]
[WhiteCountry "ENG"]
[BlackCountry "INT"]
[WhiteElo "2343"]
[WhiteRD "79"]
[BlackElo "2133"]
[BlackRD "80"]
[GameID "436489"]

1. d4 d6 2. Nf3 Bg4 3. c4 Bxf3 4. exf3 c6 5. Nc3 c5 6. Qa4+ Qd7 7. Nb5 Nc6 8. dxc5 dxc5 9. Bf4 Rc8 10. Rd1 Nd4
11. Qxa7 Qe6+ 12. Be3 Nc2+ 13. Kd2 Nxe3 14. fxe3 Qc6 15. Bd3 Nf6 16. Bc2 Nd7 17. Ba4 Rd8 18. Qa5 Rc8 19. Kc1 b6 20. Qa7 f6
21. Rxd7 Kf7 22. Nd6+ Kg6 23. Bxc6 exd6 24. Be4+ f5 25. Bxf5+ Kxf5 26. Rf7+ Kg6 27. Qd7 Re8 28. Qxe8 Kh6 29. Qe6+ Kh5 30. Rf5+ Kh4
31. Qe4#
1-0

[Event "DIJA    "]
[Site "SchemingMind.com"]
[Date "2019.01.05"]
[Round "-"]
[White "JAHI"]
[Black "The Stonewall"]
[Result "0-1"]
[WhiteCountry "INT"]
[BlackCountry "ENG"]
[WhiteElo "1897"]
[WhiteRD "69"]
[BlackElo "2389"]
[BlackRD "77"]
[GameID "436490"]

1. c3 f5 2. d3 Nf6 3. Bg5 e6 4. g3 h6 5. Bxf6 Qxf6 6. Bg2 d5 7. e3 Bd6 8. e4 fxe4 9. dxe4 O-O 10. Qe2 Nd7
11. Nd2 Nc5 12. Ngf3 b6 13. e5 Bxe5 14. Nxe5 Qxe5 15. Qxe5 Nd3+ 16. Kd1 Nxe5 17. f3 c6 18. Kc2 Ng6 19. Bh3 e5 20. Bxc8 Raxc8
21. Rhe1 Kf7 22. Re3 Ke6 23. Rd1 Kf5 24. Rde1 Rcd8 25. h3 h5 26. h4 Rfe8 27. a3 Rc8 28. a4 Re7 29. a5 Rcc7 30. R3e2 b5
31. b3 Rc8 32. Rg1 Ke6 33. Rge1 Kd7 34. a6 Rf8 35. Re3 Kc7 36. Rd3 Kb6 37. Ra1 Ref7 38. Ra3 Re7 39. Ra1 Rfe8 40. b4 Nh8
41. Nb3 Nf7 42. Nc5 Nd6 43. g4 hxg4 44. fxg4 e4 45. Rh3 Rf8 46. Re1 Rf2+ 47. Kc1 Nc4 48. h5 Ref7 49. h6 Ra2
0-1

[Event "DIJA    "]
[Site "SchemingMind.com"]
[Date "2019.01.04"]
[Round "-"]
[White "The Stonewall"]
[Black "Allan Sedstrem"]
[Result "1-0"]
[WhiteCountry "ENG"]
[BlackCountry "SCO"]
[WhiteElo "2312"]
[WhiteRD "83"]
[BlackElo "1562"]
[BlackRD "70"]
[GameID "436491"]

1. e4 e5 2. Nc3 Nf6 3. Bc4 c6 4. d4 exd4 5. Qxd4 Be7 6. Nf3 b6 7. e5 Bc5 8. Qf4 d5 9. exf6 dxc4 10. fxg7 Rg8
11. O-O Rxg7 12. Qe5+ Kf8 13. Bh6 f6 14. Qg3 Qe7 15. Rfe1 Qd7 16. Ne4 Bb7 17. Nxf6 Qf7 18. Re8+ Qxe8 19. Qxg7#
1-0

[Event "DIJA    "]
[Site "SchemingMind.com"]
[Date "2019.01.04"]
[Round "-"]
[White "Allan Sedstrem"]
[Black "The Stonewall"]
[Result "0-1"]
[WhiteCountry "SCO"]
[BlackCountry "ENG"]
[WhiteElo "1600"]
[WhiteRD "65"]
[BlackElo "2324"]
[BlackRD "78"]
[GameID "436492"]

1. d4 d5 2. c4 dxc4 3. Qa4+ Nc6 4. Qxc4 Qxd4 5. e3 Qxc4 6. Bxc4 e6 7. Nc3 Bd7 8. Nf3 O-O-O 9. O-O Nf6 10. a3 Bd6
11. Bd2 Ne5 12. Nxe5 Bxe5 13. b4 Ne4 14. Rad1 Nxc3 15. Bxc3 Bxc3 16. Rc1 Bf6 17. b5 Bb2 18. Rc2 Bxa3 19. Ra1 Bc5 20. Bxe6 Bxe6
21. Rxc5 b6 22. Rc6 Bd7 23. Rcc1 Kb7 24. Rcb1 Bf5 25. Rb3 Rd3 26. Rb2 Rhd8 27. Rbb1 Rd2 28. Rc1 Bd3 29. Rd1 Bxb5 30. Rxd2 Rxd2
31. h3 a5 32. Rb1 Bd3 33. Rb5 Bxb5 34. g4 a4
0-1